01544 a2200205 4500003000500000005001700005020001500022040000900037082001400046100002700060245004200087260003200129300001800161505081100179650001800990942002301008999001901031952015001050952013801200NUST20221213152344.0 a817649030x cNust a303.3,GRE aGreene , Robert989094 aThe 48 Laws of Power /cRobert Greene aNew DelhibViVa Booksc1999 axxiii,450:p.; aNever Outshine the Master (Page-1), Never Put too Much Trust in friends (Page-8), Conceal your Intentions (Pge-16), Always say less than Necessary (Page-310, So Much depends on Reputation –Guard it with your Life (Pge-37), Court Attention at All Cost (Pge-44), Get Others to do the work for you, But Always tale the Credit (Page-56), Make Other People Come to you Use Bait if Necessary (Page-62) Infection: Avoid the unhappy and Unlucky (Page-76), Learn to keep People Dependent on you (Page-82), When Asking for Helf Appeal to People’s Self Interest Never to their Mercy or Gratitude (Page-95) Pose as a friend work as a SPY (Page-101), Crush your Enemy Totally (Page-107), Use Absence to Increase Respect and Honor (Page-115), Know who yours Dealing with-Donot offend the Wrong Person (Page-137).  aPower9104755 2ddccBKk303.3,GRE c184630d184630 00102ddc4070aMCSbMCScGENd2016-12-12l3o303.3,GREpMCS28137q2023-01-12r2022-12-13s2022-12-13w2016-12-12yBKzAlmirah No.49, Shelf No.1 00102ddc4070aMCSbMCScGENd2016-12-12l2o303.3,GREpMCS28613r2025-10-13s2023-10-16w2016-12-12yBKzAlmirah No.49, Shelf No.1